Sexuálna zmluva

Bibliographic Details
Main Author: Pateman, Carole (Author)
Other Authors: Hábová, Ľubica (Translator)
Format: Book
Language:Slovak
PhysicalDescription:301 s. 20 cm
Published: Bratislava Aspekt 2000
ISBN:8085549182
Series:Knižná edícia feministického kultúrneho časopisu Aspekt
Subjects:

MARC

LEADER 00000nam a2200000 a 4500
001 vtls001399936
003 SK-MaSNL
005 20260301201921.0
008 240318s2000 xo a f 001 0 slo
015 |a SNBA2001/01-00092 
020 |a 8085549182 
035 |a SNK000354403 
035 |a urn:nbn:sk:snk-amjcwj 
035 |a urn:nbn:sk:snk-am002qgw 
035 |a EF0FD4CF-B35D-4402-80EB-19236F73B31D 
040 |a SNK  |b slo  |c SNK  |e AACR2 
041 1 |a slo  |g eng 
044 |a xo  |c SK 
080 |a 396:159.913:301.15-058  |2 1981 
080 |a 301.15-058  |2 1981 
100 1 |a Pateman, Carole  |4 aut  |9 583186 
240 1 0 |a The sexual contract  |l Slovensky 
245 1 0 |a Sexuálna zmluva  |c Carole Pateman ; [z anglického originálu preložila Ľubica Hábová] 
260 |a Bratislava  |b Aspekt  |c 2000 
300 |a 301 s.  |c 20 cm 
490 1 |a Knižná edícia feministického kultúrneho časopisu Aspekt 
500 |a Údaj o prekl. prevzatý z rubu tit. strany 
504 |a Reg. Bibliogr. odkazy 
650 0 7 |a feminizmus  |x zmluva sociálna  |x zmluva sexuálna  |x monografie  |2 SNK  |9 583187 
650 0 7 |a ženy  |x postavenie sociálne  |x zneužívanie  |x monografie  |2 SNK  |9 583188 
655 7 |a príručky  |2 SNK  |9 74364 
700 1 |a Hábová, Ľubica  |4 trl  |9 9197 
830 0 |a Knižná edícia feministického kultúrneho časopisu Aspekt  |9 291196 
919 |a 80-85549-18-2 
958 |a TL 
958 |a NB 
958 |a OP 
958 |a NS 
968 |b ENG 
999 |c 896809  |d 898739 
952 |t P60, <03>, [BOOK], {603}  |a SNK  |b SNK  |y PREZ  |7 0  |p 17A0258208  |o snkSD 71201  |i snkKSP 11629/2000  |0 0  |1 0  |4 0  |d 2000-11-13  |l 0  |r 2005-01-02 00:00:00  |w 2026-02-24 
952 |t P60, <04>, [BOOK], {604}  |a SNK  |b SNK  |y VYP  |7 0  |p 17A0258209  |o snkSD 71201 D1  |i snkKSP 11630/2000  |0 0  |1 0  |4 0  |d 2000-11-13  |f 1  |l 0  |r 2005-01-02 00:00:00  |w 2026-02-24